Políticas para la interculturalidad
ISBN:
84-9743-118-9
Descripción Física:
176 p. : taules, gràf. ; 24 cm
MARC
| LEADER | 00000nam a2200000Ia 4500 | ||
|---|---|---|---|
| 001 | 9461 | ||
| 003 | BGR | ||
| 005 | 20260324175340.0 | ||
| 008 | 160829s2004 xx 000 0 cat d | ||
| 020 | |a 84-9743-118-9 | ||
| 080 | |a M-5-45 | ||
| 111 | |a Interacció |9 71067 |c (Barcelona : |d 2002) | ||
| 245 | |a Políticas para la interculturalidad | ||
| 260 | |a [Lleida] : |b Milenio ; [Barcelona] : |b Diputació de Barcelona, |c 2004 | ||
| 300 | |a 176 p. : |b taules, gràf. ; |c 24 cm | ||
| 590 | |a A la coberta: Diputació de Barcelona, Xarxa de Municipis, Àrea de Cultura. | ||
| 590 | |a Interacció 2002. | ||
| 590 | |a Bibliografia | ||
| 650 | |a Comunicació intercultural |x Congressos |9 28356 | ||
| 650 | |a Multiculturalisme |x Catalunya |x Congressos |9 28357 | ||
| 650 | 0 | |a Educació intercultural |x Catalunya |9 41487 | |
| 650 | 0 | |a Congressos i conferències |9 48301 | |
| 651 | 0 | |a Catalunya |x Política cultural |9 53685 | |
| 710 | 1 | |a Barcelona (Catalunya : Província). |b Àrea de Cultura |9 53536 | |
| 901 | |a Arxiu | ||
| 942 | |n 1 |2 udc |c JC | ||
| 952 | |0 0 |1 0 |4 0 |6 M545 |7 1 |9 44791 |a Arxiu |b Arxiu |d 2016-12-01 |l 0 |o M-5-45 |p 9461 |r 2016-12-01 00:00:00 |w 2016-12-01 |y ARXIU | ||
| 999 | |c 47375 |d 47375 | ||